| 000 | 02043nam a22002897a 4500 | ||
|---|---|---|---|
| 005 | 20110801113230.0 | ||
| 010 | _aB-423827-832 | ||
| 020 |
_a9780415562973 _c895.00 |
||
| 035 | _aB-423827-832 | ||
| 037 | _bAllied Publishers | ||
| 082 | _a363.349580954 | ||
| 245 |
_aRecovering from earthquakes: _bresponse, reconstruction and impact mitigation in India / _cedited by Shirish B. Patel [and] Aromar Revi |
||
| 260 |
_aNew Delhi _bRoutledge _c2010 |
||
| 270 |
_a912 Tolstoy House, 15-17 Tolstoy Marg _bNew Delhi _e110001 |
||
| 300 |
_axviii, 425p. _c24cm(Hb) _bb&w photos; maps |
||
| 500 | _aIncludes index | ||
| 700 |
_aPatel, Shirish B. _930614 |
||
| 700 |
_a Revi, Aromar _930615 |
||
| 942 |
_2ddc _cEN _mREC _h363.349580954 |
||
| 999 |
_c54592 _d54592 |
||